Instatní platby - snad už v tomto roce
Rok 2018 sa dá označiť aj ako rok istantných platieb. Česká banková asociácia a Česká národná banka pracujú na projekte, ktorého cieľom je ponúknuť klientom bánk skutočne rýchlu a nepretržitú možnosť prevodu peňazí z účtu na účet, teda 24 hodín denne, sedem dní v týždni a 365 dní v roku. Banky vníma...
Guardado en:
| Autor principal: | |
|---|---|
| Formato: | Capítulo de libro |
| Lenguaje: | checo |
| Materias: | |
| Etiquetas: |
Sin Etiquetas, Sea el primero en etiquetar este registro!
|
MARC
| LEADER | 00000naa a2200000 4500 | ||
|---|---|---|---|
| 001 | 0240714 | ||
| 005 | 20180227132310.0 | ||
| 041 | 0 | |a cze | |
| 044 | |a CZ | ||
| 245 | 1 | 0 | |a Instatní platby - snad už v tomto roce |c Martina Sobková |
| 520 | |a Rok 2018 sa dá označiť aj ako rok istantných platieb. Česká banková asociácia a Česká národná banka pracujú na projekte, ktorého cieľom je ponúknuť klientom bánk skutočne rýchlu a nepretržitú možnosť prevodu peňazí z účtu na účet, teda 24 hodín denne, sedem dní v týždni a 365 dní v roku. Banky vnímajú tento projekt mimoriadne pozítívne. | ||
| 610 | 2 | 0 | |a spokojnosť zákazníkov |
| 610 | 2 | 0 | |a bankovníctvo |
| 610 | 2 | 0 | |a Česko |
| 610 | 2 | 0 | |a styk platobný |
| 610 | 2 | 0 | |a prevod bankový |
| 100 | 1 | |a Sobková, Martina | |